[Event "Frunze op"]
[Site "Frunze"]
[Date "1989.??.??"]
[Round "?"]
[White "Ambartsoumian, Armen"]
[Black "Bagaturov, Giorgi"]
[Result "0-1"]
[WhiteElo "2350"]
[BlackElo "2370"]
[PlyCount "86"]
[EventDate "1989.08.??"]
[EventType "swiss"]
[EventRounds "11"]
[EventCountry "URS"]
[SourceTitle "TD"]
[Source "ChessBase"]
[SourceDate "1994.03.01"]
[SourceVersion "1"]
[SourceVersionDate "1994.03.01"]
[SourceQuality "1"]

1. d4 Nf6 2. c4 e6 3. Nf3 b6 4. Nc3 Bb7 5. a3 d5 6. cxd5 Nxd5 7. Qc2 Nxc3 8. bxc3 Nd7 9. e4 c5 10. Bd3 Qc7 11. Qb2 g6 12. 0-0 Bg7 13. Qe2 0-0 14. Bd2 c4 15. Bc2 e5 16. Rab1 Rac8 17. a4 exd4 18. cxd4 Rfe8 19. Bc3 Nc5 20. e5 Nd3 21. Bd2 Qd7 22. Be3 f6 23. Rfd1 fxe5 24. dxe5 Qg4 25. Bxd3 cxd3 26. Qa2+ Kh8 27. Ne1 Bxe5 28. h3 Qf5 29. Nxd3 Qe4 30. Ne1 Bg7 31. Rd7 Bc6 32. Rd3 Bxa4 33. Ra3 Rc4 34. Nf3 Rc2 35. Qf7 Rf8 36. Qxa7 Ra2 37. Nd2 Rxd2 38. Rxa4 Qxb1+ 39. Kh2 Rd1 40. Qe7 Qb5 41. Bh6 Qe5+ 42. Qxe5 Bxe5+ 43. f4 Bg7 0-1